000 00431nam a22001697a 4500
003 UA-OsUOA
001 4621
007 ta
008 20050721b un ||||| |||| 00| 0 ukr d
100 _aМуль
700 _aТ. В.
942 _cBK
040 _aUA-OsUOA
_cUA-OsUOA
_dUA-OsUOA
245 _aНавчання діалогічного мовлення на серед. етапі заг
_bBA Paper
955 _a2
650 7 _2UDC
999 _c290783
_d290783